000 00740nam a2200181Ia 4500
008 100920s9999 xx 000 0 und d
082 _b28698
_a410 थ 73
100 _aखाडिलकर नीलकंठ.
245 _aनाट्याचार्य खाडिलकरांची नाट्यकला.
260 _bनवाकाळ प्रेस ,मुंबई.
_c1973
300 _a168
_bसाधी
365 _b8
520 _aभाषा.
630 _aनाट्याचार्य खाडिलकरांची नाट्यकला.
650 _aभाषा.
730 _aनाट्याचार्य खाडिलकरांची नाट्यकला.
942 _cBOOK
999 _c684881
_d684878